Catálogo

Ésta es nuestra fe : (Registro nro. 25208)

Detalles MARC
000 -LEADER
fixed length control field 00821cam a2200265 i 4500
001 - CONTROL NUMBER
control field 25208
003 - CONTROL NUMBER IDENTIFIER
control field Mx-PuUPA
005 - DATE AND TIME OF LATEST TRANSACTION
control field 20250721081912.0
008 - FIXED-LENGTH DATA ELEMENTS--GENERAL INFORMATION
fixed length control field 140415s1998 sp gr 000 0 spa d
017 ## - COPYRIGHT OR LEGAL DEPOSIT NUMBER
Copyright or legal deposit number BI 1628-99
020 ## - INTERNATIONAL STANDARD BOOK NUMBER
International Standard Book Number 8429312579
040 ## - CATALOGING SOURCE
Original cataloging agency Mx-PuUPA
Language of cataloging spa
Transcribing agency Mx-PuUPA
Modifying agency Mx-PuUPA
Description conventions rda
041 ## - LANGUAGE CODE
Language code of text/sound track or separate title spa
245 10 - TITLE STATEMENT
Title Ésta es nuestra fe :
Remainder of title teología para universitarios /
Statement of responsibility, etc. Luis González-Carvajarl Santabárbara
250 ## - EDITION STATEMENT
Edition statement 15a edición
264 #1 - PRODUCTION, PUBLICATION, DISTRIBUTION, MANUFACTURE, AND COPYRIGHT NOTICE
Place of production, publication, distribution, manufacture Maliaño (Cantabria) :
Name of producer, publisher, distributor, manufacturer Editorial Sal Terrae,
Date of production, publication, distribution, manufacture, or copyright notice ©1998
300 ## - PHYSICAL DESCRIPTION
Extent 317 páginas ;
Dimensions 21 cm
336 ## - CONTENT TYPE
Fuente rdacontent
Content type term texto
Content type code txt
337 ## - MEDIA TYPE
Source rdamedia
Media type term sin medio
Media type code n
338 ## - CARRIER TYPE
Source rdacarrier
Carrier type term volumen
Carrier type code nc
490 0# - SERIES STATEMENT
Series statement Pastoral ;
Volume/sequential designation 24
942 ## - ADDED ENTRY ELEMENTS (KOHA)
Source of classification or shelving scheme Dewey Decimal Classification
Koha item type Libro
Classification part xx
Item part xx
Existencias
Withdrawn status Lost status Source of classification or shelving scheme Damaged status Not for loan Collection code Home library Current library Shelving location Date acquired Source of acquisition Total Checkouts Full call number Barcode Price effective from Koha item type
    Dewey Decimal Classification   En catalogación General Biblioteca Karol Wojtyla Biblioteca Karol Wojtyla Procesos técnicos 03/12/2013 Donación   xx 47006 03/12/2013 Libro